[Event "First Saturday 2006 augusztus FM-A"]
[Site "Budapest"]
[Date "2006.08.05"]
[Round "1"]
[White "Mizsei, Janos"]
[Black "Bolvary, Tamara"]
[Result "1/2-1/2"]
[WhiteElo "2131"]
[BlackElo "2104"]
[PlyCount "29"]
[EventDate "2006.08.05"]

1. d4 d5 2. c4 e6 3. Nf3 Nf6 4. Nc3 c6 5. e3 Nbd7 6. Bd3 Be7 7. O-O O-O 8. b3
b6 9. Bb2 Bb7 10. Qc2 Rc8 11. e4 dxe4 12. Nxe4 h6 13. Rac1 c5 14. Nxf6+ Nxf6
15. dxc5 1/2-1/2

[Event "First Saturday 2006 augusztus FM-A"]
[Site "Budapest"]
[Date "2006.08.05"]
[Round "1"]
[White "Kubacsny, Vilmos"]
[Black "Szabo, Bence"]
[Result "0-1"]
[WhiteElo "2079"]
[BlackElo "2040"]
[PlyCount "123"]
[EventDate "2006.08.05"]

1. e4 c5 2. Nf3 d6 3. d4 cxd4 4. Nxd4 Nf6 5. Nc3 Nc6 6. f3 e5 7. Nb3 Be7 8. Be3
a5 9. Na4 Be6 10. Bb6 Qd7 11. Bb5 Bd8 12. Qd2 O-O 13. Rd1 Be7 14. c4 Qc8 15.
Be3 Nd7 16. O-O Qc7 17. Qf2 g6 18. Rd2 f5 19. exf5 gxf5 20. Rfd1 Kh8 21. Nb6
Nxb6 22. Bxb6 Qc8 23. f4 a4 24. Nc1 Rf7 25. Ne2 Qg8 26. Bc7 Rg7 27. Bxd6 Bxd6
28. Rxd6 Bxc4 29. Bxc4 Qxc4 30. fxe5 Rag8 31. g3 Nxe5 32. Qe3 Ng4 33. Qd3 Qc5+
34. Qd4 Qc2 35. Rd2 Qb1+ 36. Kg2 Qxa2 37. Rd7 Qe6 38. Rxg7 Rxg7 39. Nc3 Qc6+
40. Kg1 h6 41. Qxa4 Qe6 42. Re2 Qb6+ 43. Kg2 Ne3+ 44. Kf3 Ng4 45. Nd5 Qd6 46.
Nf4 Qc5 47. Qe8+ Kh7 48. h3 Nf6 49. Qe5 Qc6+ 50. Kf2 Ne4+ 51. Rxe4 fxe4 52.
Qf5+ Kg8 53. Qd5+ Qxd5 54. Nxd5 Rf7+ 55. Nf4 Rc7 56. Ke3 Rc2 57. Kxe4 Rxb2 58.
g4 b5 59. Nd5 Rc2 60. Kf5 Kf7 61. h4 Rc5 62. Ke5 0-1

[Event "First Saturday 2006 augusztus FM-A"]
[Site "Budapest"]
[Date "2006.08.05"]
[Round "1"]
[White "Juhasz, Mark"]
[Black "Honsch, Pal"]
[Result "1-0"]
[WhiteElo "2169"]
[BlackElo "2099"]
[PlyCount "101"]
[EventDate "2006.08.05"]

1. c4 Nf6 2. g3 e6 3. Bg2 c5 4. Nf3 Nc6 5. O-O Be7 6. d4 cxd4 7. Nxd4 Nxd4 8.
Qxd4 Qc7 9. Nc3 a6 10. Rd1 d6 11. a4 O-O 12. b3 Qa5 13. Ba3 Nd7 14. Ne4 f5 15.
Nxd6 Bf6 16. Qe3 Qe5 17. Qxe5 Bxe5 18. Nxc8 Bxa1 19. Bxb7 Raxc8 20. Bxc8 Rxc8
21. Rxa1 Rb8 22. Rb1 a5 23. Bd6 Rc8 24. f3 Kf7 25. Kf2 Rc6 26. Ba3 Ke8 27. Rd1
Rb6 28. Rd3 Kd8 29. Ke3 Kc7 30. Kd2 e5 31. Kc2 Rh6 32. h4 Rg6 33. Rd5 Rxg3 34.
Bd6+ Kc6 35. Bxe5 Rg2 36. Rd6+ Kc5 37. Rd5+ Kc6 38. Rd6+ Kc5 39. Rxd7 Rxe2+ 40.
Kd3 Rxe5 41. Rxg7 Kb4 42. Kd4 Re6 43. Rb7+ Ka3 44. c5 Rh6 45. Kd5 Rxh4 46. c6
Rh1 47. c7 Rc1 48. Kd6 Rd1+ 49. Kc6 Rc1+ 50. Kd7 Rd1+ 51. Kc8 1-0

[Event "First Saturday 2006 augusztus FM-A"]
[Site "Budapest"]
[Date "2006.08.05"]
[Round "1"]
[White "Ohme, Melanie"]
[Black "Letay, Gyula"]
[Result "1-0"]
[WhiteElo "2123"]
[BlackElo "2172"]
[PlyCount "113"]
[EventDate "2006.08.05"]

1. e4 c5 2. Nf3 d6 3. d4 cxd4 4. Nxd4 Nf6 5. Nc3 a6 6. Be2 e5 7. Nf3 h6 8. O-O
Be6 9. Re1 Be7 10. Bf1 Nbd7 11. a4 O-O 12. Be3 Qc7 13. Qe2 Rac8 14. Rad1 Qc6
15. Qd3 Nb6 16. Bxb6 Qxb6 17. Rb1 Rc7 18. Nd2 Rfc8 19. g3 Nd7 20. Qe3 Qc6 21.
Bg2 b5 22. axb5 axb5 23. Rbc1 Qb7 24. Qd3 b4 25. Nd5 Bxd5 26. exd5 Nc5 27. Qf5
g6 28. Qf3 Bg5 29. Rcd1 Na4 30. Ne4 Be7 31. Qb3 Nc5 32. Nxc5 Rxc5 33. c3 Rb8
34. c4 Ra5 35. h4 Bf6 36. h5 g5 37. Be4 Qd7 38. Ra1 Qc7 39. Ra2 Rxa2 40. Qxa2
b3 41. Qa4 Rb6 42. Ra1 Kg7 43. Qe8 Rb8 44. Qc6 Bd8 45. Kf1 Qb6 46. Qd7 Qc7 47.
Qf5 Qc5 48. Qh7+ Kf8 49. Qxh6+ Ke8 50. Kg2 Qd4 51. Qh7 Bb6 52. Qg8+ Ke7 53.
Qxg5+ Kf8 54. Qf5 Qxb2 55. Rb1 Qc3 56. h6 Bd8 57. h7 1-0

[Event "First Saturday 2006 augusztus FM-A"]
[Site "Budapest"]
[Date "2006.08.05"]
[Round "1"]
[White "Hoang, Tri"]
[Black "Daamen, Ferry"]
[Result "1/2-1/2"]
[WhiteElo "2147"]
[BlackElo "2118"]
[PlyCount "104"]
[EventDate "2006.08.05"]

1. d4 Nf6 2. Bg5 d5 3. e3 Nbd7 4. c4 Ne4 5. Bh4 c6 6. Nf3 g6 7. Bd3 Bg7 8. Nc3
Ndf6 9. O-O O-O 10. Qc2 Nxc3 11. bxc3 b6 12. Ne5 Bb7 13. Rab1 Nd7 14. Nxd7 Qxd7
15. Rfd1 f5 16. a4 Ba6 17. Qb3 Bxc4 18. Bxc4 dxc4 19. Qxc4+ e6 20. Qa2 Rf7 21.
c4 Rc8 22. c5 Rb8 23. Bg3 Rb7 24. cxb6 axb6 25. Rdc1 Bf8 26. Qc4 b5 27. axb5
cxb5 28. Qb3 Re7 29. f3 Re8 30. Rc2 Ra8 31. Ra2 Rxa2 32. Qxa2 Ra7 33. Qb2 b4
34. Be1 Ra4 35. Qb3 Qc6 36. Bd2 Ra3 37. Qb2 b3 38. Qc3 Qxc3 39. Bxc3 Kf7 40.
Kf2 Bd6 41. h3 Ra2+ 42. Rb2 Ba3 43. Rxa2 bxa2 44. Ke2 Ke8 45. Kd3 Kd7 46. Kc2
Kc6 47. Kb3 Bc1 48. e4 fxe4 49. fxe4 Bd2 50. Bb2 Kb5 51. Ba1 Bf4 52. Bb2 Bg5
1/2-1/2

[Event "First Saturday 2006 augusztus FM-A"]
[Site "Budapest"]
[Date "2006.08.05"]
[Round "1"]
[White "Balogh, Laszlo"]
[Black "Fekete, Jozsef"]
[Result "1/2-1/2"]
[WhiteElo "2200"]
[BlackElo "2193"]
[PlyCount "46"]
[EventDate "2006.08.05"]

1. d4 d6 2. e4 g6 3. Nc3 Bg7 4. Be3 c6 5. f3 Nd7 6. Qd2 b5 7. g4 Nb6 8. b3 h5
9. g5 e6 10. f4 Ne7 11. Nf3 b4 12. Ne2 Bb7 13. Nh4 c5 14. Bg2 f5 15. Rd1 Bxe4
16. Bxe4 fxe4 17. dxc5 Nbd5 18. cxd6 Qxd6 19. Bd4 e5 20. Bxe5 Bxe5 21. fxe5 Qe6
22. Nf4 Qg4 23. Nxd5 Nxd5 1/2-1/2

[Event "First Saturday 2006 augusztus FM-A"]
[Site "Budapest"]
[Date "2006.08.05"]
[Round "1"]
[White "Csapo, Zoltan"]
[Black "Varga, Karoly"]
[Result "1/2-1/2"]
[WhiteElo "2210"]
[BlackElo "2104"]
[PlyCount "127"]
[EventDate "2006.08.05"]

1. e4 c5 2. Nf3 Nc6 3. c3 e5 4. Bc4 d6 5. d3 Be6 6. Bxe6 fxe6 7. Ng5 Qd7 8. Qg4
Nd8 9. Nxh7 Nf6 10. Qg6+ Qf7 11. Nxf8 Rxf8 12. Qxf7+ Nxf7 13. Nd2 O-O-O 14. Nf3
d5 15. Ng5 Nxg5 16. Bxg5 Rd7 17. f3 Nh5 18. O-O-O d4 19. cxd4 exd4 20. Kd2 e5
21. Rc1 Rc7 22. b4 b6 23. bxc5 bxc5 24. Rc4 Kd7 25. Rhc1 Rfc8 26. g3 Kd6 27.
Ra4 Rb8 28. Ra5 Rb2+ 29. Rc2 Rb1 30. f4 exf4 31. Ke2 fxg3 32. hxg3 Nxg3+ 33.
Kf3 Nh5 34. Kg4 g6 35. Bc1 Rb6 36. Kg5 Kd7 37. Raxc5 Rxc5+ 38. Rxc5 Ng7 39.
Rd5+ Ke8 40. Kh6 Ne6 41. Bg5 Ra6 42. Bf6 Rxa2 43. Kh7 Kf7 44. Be5 Ra3 45. Rd7+
Ke8 46. Rb7 Rxd3 47. Kxg6 Rf3 48. Bxd4 Nxd4 49. Rxa7 Re3 50. Kg5 Rxe4 51. Rb7
Nc6 52. Rc7 Ne7 53. Ra7 Kf7 54. Ra5 Ke6 55. Ra6+ Ke5 56. Ra5+ Nd5 57. Ra8 Nc7
58. Ra5+ Ke6 59. Rc5 Kd6 60. Rc1 Ne6+ 61. Kf5 Rf4+ 62. Kg6 Ke7 63. Ra1 Rg4+ 64.
Kf5 1/2-1/2

[Event "First Saturday 2006 augusztus FM-A"]
[Site "Budapest"]
[Date "2006.08.06"]
[Round "2"]
[White "Bolvary, Tamara"]
[Black "Varga, Karoly"]
[Result "0-1"]
[WhiteElo "2104"]
[BlackElo "2104"]
[PlyCount "70"]
[EventDate "2006.08.05"]

1. e4 e5 2. d4 exd4 3. Qxd4 Nc6 4. Qe3 b6 5. Bd2 Bc5 6. Qg3 Qe7 7. Nc3 Nf6 8.
O-O-O d6 9. Bb5 Bd7 10. Nd5 Nxd5 11. exd5 Ne5 12. Ba6 Qf6 13. Nf3 O-O 14. Bg5
Qf5 15. b4 Bxb4 16. Rd4 Ba3+ 17. Kd1 Nxf3 18. gxf3 Qe5 19. Qh4 Bc5 20. Bd3 f5
21. Be3 Rae8 22. Rg1 g6 23. c3 b5 24. Qh5 Rf7 25. Qh4 a5 26. Re1 Bxd4 27. cxd4
Qxd5 28. Rg1 Qxa2 29. Qg5 a4 30. h4 Qe6 31. h5 Rg7 32. Qh4 a3 33. d5 Qxd5 34.
Bd4 c5 35. hxg6 Qxd4 0-1

[Event "First Saturday 2006 augusztus FM-A"]
[Site "Budapest"]
[Date "2006.08.06"]
[Round "2"]
[White "Fekete, Jozsef"]
[Black "Csapo, Zoltan"]
[Result "0-1"]
[WhiteElo "2193"]
[BlackElo "2210"]
[PlyCount "70"]
[EventDate "2006.08.05"]

1. d4 Nf6 2. Bg5 e6 3. e4 d6 4. Nc3 Be7 5. Nf3 O-O 6. Bd3 h6 7. Bxf6 Bxf6 8. e5
Be7 9. Qe2 d5 10. g4 c5 11. dxc5 Nd7 12. h4 Nxc5 13. g5 Nxd3+ 14. Qxd3 h5 15.
g6 fxg6 16. O-O-O Qe8 17. Rdg1 Qf7 18. Rg3 Qf5 19. Rhg1 Qxd3 20. cxd3 g5 21.
Nxg5 Rf5 22. Nb5 Bxg5+ 23. Rxg5 Rxg5 24. Rxg5 Bd7 25. Nd4 Rf8 26. f3 Rf4 27.
Nb3 Rxh4 28. Nc5 Bc8 29. Kd2 Kh7 30. f4 Kh6 31. Ke3 Rh3+ 32. Ke2 b6 33. Na4 Ba6
34. Rg1 Rxd3 35. Kf2 Rd4 0-1

[Event "First Saturday 2006 augusztus FM-A"]
[Site "Budapest"]
[Date "2006.08.06"]
[Round "2"]
[White "Daamen, Ferry"]
[Black "Balogh, Laszlo"]
[Result "0-1"]
[WhiteElo "2118"]
[BlackElo "2200"]
[PlyCount "46"]
[EventDate "2006.08.05"]

1. e4 e6 2. d4 d5 3. Nd2 Nc6 4. Ngf3 Nf6 5. e5 Nd7 6. Nb3 b6 7. Bb5 Ncb8 8. c3
Be7 9. h4 a5 10. a4 Ba6 11. Bg5 c6 12. Bxe7 Qxe7 13. Bd3 Bxd3 14. Qxd3 Na6 15.
Nbd2 c5 16. Nb1 f6 17. Qe2 fxe5 18. Nxe5 Nxe5 19. Qxe5 O-O 20. Nd2 Rf5 21. Qe2
cxd4 22. cxd4 Rf4 23. Nf3 Re4 0-1

[Event "First Saturday 2006 augusztus FM-A"]
[Site "Budapest"]
[Date "2006.08.06"]
[Round "2"]
[White "Honsch, Pal"]
[Black "Ohme, Melanie"]
[Result "0-1"]
[WhiteElo "2099"]
[BlackElo "2123"]
[PlyCount "102"]
[EventDate "2006.08.05"]

1. d4 Nf6 2. c4 g6 3. Nf3 Bg7 4. g3 O-O 5. Bg2 d6 6. Nc3 c5 7. O-O Nc6 8. d5
Na5 9. Nd2 a6 10. Qc2 Rb8 11. b3 b5 12. Bb2 Re8 13. e4 e6 14. Nd1 Bd7 15. Ne3
bxc4 16. Bc3 exd5 17. exd5 cxb3 18. axb3 Nb7 19. Rfe1 Bb5 20. Ndc4 Nd7 21. Bxg7
Kxg7 22. Ng4 h5 23. Qc3+ Kh7 24. Rxe8 Qxe8 25. Nf6+ Nxf6 26. Qxf6 Qd7 27. Nb6
Qc7 28. Re1 Re8 29. Rxe8 Bxe8 30. Nc4 Kg8 31. Be4 Bb5 32. Ne3 Qd8 33. Qc3 Qe7
34. Bc2 Qf8 35. Qf6 Qd8 36. Qf4 Kg7 37. Qe4 Qf6 38. Kg2 Na5 39. h4 Qe5 40. Qf3
c4 41. bxc4 Nxc4 42. Nf1 a5 43. Qd1 Qc3 44. Nh2 Nb2 45. Qb1 a4 46. g4 Nd3 47.
Qxb5 Qxc2 48. gxh5 Nxf2 49. h6+ Kxh6 50. Nf1 Ne4+ 51. Kh3 Qb3+ 0-1

[Event "First Saturday 2006 augusztus FM-A"]
[Site "Budapest"]
[Date "2006.08.06"]
[Round "2"]
[White "Szabo, Bence"]
[Black "Juhasz, Mark"]
[Result "1/2-1/2"]
[WhiteElo "2040"]
[BlackElo "2169"]
[PlyCount "40"]
[EventDate "2006.08.05"]

1. Nf3 Nf6 2. c4 g6 3. g3 Bg7 4. Bg2 d6 5. d4 O-O 6. O-O Nc6 7. d5 Na5 8. Nbd2
c5 9. Ne1 a6 10. Rb1 b5 11. cxb5 axb5 12. b4 cxb4 13. Nc2 Nc4 14. Nxb4 Bf5 15.
Nc6 Qc7 16. Rxb5 Na5 17. Nb3 Nxc6 18. dxc6 d5 19. Nd4 Bc8 20. Qc2 e5 1/2-1/2

[Event "First Saturday 2006 augusztus FM-A"]
[Site "Budapest"]
[Date "2006.08.06"]
[Round "2"]
[White "Mizsei, Janos"]
[Black "Kubacsny, Vilmos"]
[Result "1-0"]
[WhiteElo "2131"]
[BlackElo "2079"]
[PlyCount "127"]
[EventDate "2006.08.05"]

1. d4 d5 2. c4 c6 3. Nf3 Nf6 4. Nc3 Bf5 5. cxd5 Nxd5 6. Qb3 Qb6 7. Nxd5 cxd5 8.
Qxd5 e6 9. Qb3 Bb4+ 10. Bd2 Nc6 11. e3 O-O 12. a3 Bxd2+ 13. Nxd2 Nxd4 14. exd4
Qxd4 15. Be2 Rac8 16. Nf3 Qf6 17. Bd1 e5 18. O-O e4 19. Ne1 Rc7 20. Nc2 Rfc8
21. Ne3 Be6 22. Qb5 Qg6 23. Qa5 b6 24. Qb4 Bh3 25. Kh1 a5 26. Qb5 Rc5 27. Qe2
Bd7 28. Qd2 Be6 29. b4 Rc3 30. bxa5 bxa5 31. Nd5 Bxd5 32. Qxd5 R3c5 33. Qd4 h5
34. Bb3 Kh7 35. Bd5 f5 36. Rae1 Kh8 37. Rd1 Rc3 38. a4 R3c7 39. Qe5 Rc5 40. Qe6
Qg5 41. Bb7 Rd8 42. Rxd8+ Qxd8 43. Qg6 Qh4 44. Qg3 Qf6 45. h3 Rc3 46. Qb8+ Kh7
47. Bd5 Rd3 48. Qg8+ Kh6 49. Bf7 Rd8 50. Be8 Kg5 51. Qf7 Qxf7 52. Bxf7 f4 53.
Re1 Rd4 54. Be8 h4 55. Bc6 Kf5 56. Rc1 e3 57. fxe3 fxe3 58. Re1 Rd3 59. Kg1 Ke5
60. Kf1 Kf4 61. Rc1 Rd4 62. Rc2 Rd1+ 63. Ke2 Rd4 64. Bb5 1-0

[Event "First Saturday 2006 augusztus FM-A"]
[Site "Budapest"]
[Date "2006.08.07"]
[Round "3"]
[White "Kubacsny, Vilmos"]
[Black "Bolvary, Tamara"]
[Result "1-0"]
[WhiteElo "2079"]
[BlackElo "2104"]
[PlyCount "51"]
[EventDate "2006.08.05"]

1. e4 c5 2. Nf3 e6 3. d4 cxd4 4. Nxd4 a6 5. Bd3 Qb6 6. Nb3 Qc7 7. O-O Nf6 8.
Be3 d5 9. Nc3 dxe4 10. Nxe4 Nbd7 11. Bd4 b6 12. c4 Bb7 13. Qe2 Be7 14. Rac1 Qc6
15. f3 Nh5 16. g3 f5 17. Nc3 Ndf6 18. Rce1 f4 19. Qxe6 Qxe6 20. Rxe6 Bc8 21.
Re2 fxg3 22. Rfe1 gxh2+ 23. Kxh2 Ra7 24. Bxb6 Rb7 25. Bc5 Nf4 26. Rxe7+ 1-0

[Event "First Saturday 2006 augusztus FM-A"]
[Site "Budapest"]
[Date "2006.08.07"]
[Round "3"]
[White "Juhasz, Mark"]
[Black "Mizsei, Janos"]
[Result "1-0"]
[WhiteElo "2169"]
[BlackElo "2131"]
[PlyCount "88"]
[EventDate "2006.08.05"]

1. c4 Nf6 2. g3 g6 3. Bg2 Bg7 4. Nc3 O-O 5. e4 d6 6. Nge2 c5 7. O-O Nc6 8. a3
Nd4 9. b4 Be6 10. Nxd4 cxd4 11. Nd5 Rc8 12. d3 Bd7 13. a4 Ng4 14. h3 Ne5 15.
Ra2 e6 16. Nf4 Nc6 17. Ba3 Qc7 18. Rc2 Nxb4 19. Bxb4 Bxa4 20. Qb1 Bxc2 21. Qxc2
b5 22. Qa2 bxc4 23. Qa3 Be5 24. Rc1 c3 25. Ne2 a5 26. Bxa5 Ra8 27. Bxc7 Rxa3
28. f4 Bg7 29. Bxd6 Ra2 30. Bxf8 Bxf8 31. Kf1 Ba3 32. Re1 Rd2 33. Nxd4 Rxd3 34.
Nc2 Bb2 35. g4 Rd2 36. Re2 Rd1+ 37. Kf2 Bc1 38. Ne3 Rd3 39. Bf3 Kf8 40. e5 Ke7
41. Be4 Rd4 42. Kf3 Kd7 43. Rc2 Bd2 44. Nd1 Rc4 1-0

[Event "First Saturday 2006 augusztus FM-A"]
[Site "Budapest"]
[Date "2006.08.07"]
[Round "3"]
[White "Ohme, Melanie"]
[Black "Szabo, Bence"]
[Result "1/2-1/2"]
[WhiteElo "2123"]
[BlackElo "2040"]
[PlyCount "83"]
[EventDate "2006.08.05"]

1. e4 c5 2. Nf3 d6 3. d4 cxd4 4. Nxd4 Nf6 5. Nc3 Nc6 6. Be2 e5 7. Nf3 Be7 8.
Bg5 Be6 9. O-O O-O 10. Qd2 Qa5 11. Rfd1 Rad8 12. Bxf6 Bxf6 13. Nd5 Qxd2 14.
Rxd2 Bxd5 15. Rxd5 Nb4 16. Rd2 d5 17. a3 dxe4 18. axb4 exf3 19. Rxd8 Rxd8 20.
Bxf3 e4 21. Bxe4 Bxb2 22. Rb1 b6 23. Bd3 Bf6 24. b5 Kf8 25. g3 h6 26. Kg2 Rd7
27. Kf3 Re7 28. Rb4 Rc7 29. Ke4 Ke7 30. Rb1 Rc5 31. f4 Bc3 32. g4 g6 33. h4 h5
34. Kf3 Kf6 35. gxh5 Rxh5 36. Kg4 Kg7 37. Rd1 Bf6 38. Rh1 Rc5 39. Rh3 Bd8 40.
Re3 Kf8 41. Re1 Bf6 42. Re4 1/2-1/2

[Event "First Saturday 2006 augusztus FM-A"]
[Site "Budapest"]
[Date "2006.08.07"]
[Round "3"]
[White "Hoang, Tri"]
[Black "Honsch, Pal"]
[Result "1/2-1/2"]
[WhiteElo "2147"]
[BlackElo "2099"]
[PlyCount "106"]
[EventDate "2006.08.05"]

1. d4 Nf6 2. Bg5 e6 3. e4 Be7 4. e5 Nd5 5. Bxe7 Qxe7 6. c4 Nf4 7. Qd2 Ng6 8.
Nc3 d6 9. exd6 cxd6 10. Nf3 b6 11. h4 Bb7 12. h5 Nf8 13. O-O-O Bxf3 14. gxf3 h6
15. f4 Nbd7 16. d5 Nf6 17. dxe6 fxe6 18. Qxd6 Qxd6 19. Rxd6 Ke7 20. Rd2 N8d7
21. Bd3 Rhc8 22. b3 Rc5 23. Bg6 a6 24. a4 b5 25. axb5 axb5 26. Nxb5 Ra1+ 27.
Bb1 Rxh5 28. Rxh5 Nxh5 29. Kb2 Ra6 30. f5 e5 31. Nc7 Rd6 32. Rxd6 Kxd6 33. Nb5+
Kc5 34. Kc3 Nhf6 35. b4+ Kc6 36. Na3 h5 37. Nc2 Ne4+ 38. Kd3 Nxf2+ 39. Ke3 Nd1+
40. Kd2 Nf2 41. Ne3 Nf6 42. Ke2 N2e4 43. Bxe4+ Nxe4 44. Kf3 Nf6 45. Kg3 Kd6 46.
c5+ Kc6 47. Kh4 Kb5 48. Kg5 Ne8 49. Kxh5 Kxb4 50. c6 Kc5 51. c7 Nxc7 52. Kg6
Kd4 53. Ng4 Ke4 1/2-1/2

[Event "First Saturday 2006 augusztus FM-A"]
[Site "Budapest"]
[Date "2006.08.07"]
[Round "3"]
[White "Balogh, Laszlo"]
[Black "Letay, Gyula"]
[Result "1-0"]
[WhiteElo "2200"]
[BlackElo "2172"]
[PlyCount "88"]
[EventDate "2006.08.05"]

1. d4 d5 2. Nc3 Nf6 3. Bg5 Nbd7 4. Nf3 e6 5. e3 Be7 6. Bd3 c5 7. O-O b6 8. Ne5
Nxe5 9. dxe5 Nd7 10. Bxe7 Qxe7 11. f4 a6 12. Qh5 Bb7 13. a3 O-O-O 14. b4 c4 15.
Be2 g6 16. Qh3 Kb8 17. Bf3 f6 18. exf6 Qxf6 19. Ne2 h5 20. Nd4 Rhe8 21. Rae1 e5
22. fxe5 Qxe5 23. Qg3 Qxg3 24. hxg3 Ne5 25. Bd1 Rd6 26. Rf4 Bc8 27. Ref1 Bg4
28. Rf8 Rxf8 29. Rxf8+ Bc8 30. c3 Kc7 31. Bc2 Bd7 32. Ra8 b5 33. Rf8 Nd3 34.
Kf1 Nc1 35. Ke1 Nb3 36. Rf7 Kb6 37. Kd1 Nxd4 38. exd4 Bc8 39. Kd2 Kc6 40. Re7
Rf6 41. Re5 Be6 42. Re1 Bf7 43. Re5 Kd6 44. Ke3 Be6 1-0

[Event "First Saturday 2006 augusztus FM-A"]
[Site "Budapest"]
[Date "2006.08.07"]
[Round "3"]
[White "Csapo, Zoltan"]
[Black "Daamen, Ferry"]
[Result "1/2-1/2"]
[WhiteElo "2210"]
[BlackElo "2118"]
[PlyCount "82"]
[EventDate "2006.08.05"]

1. e4 c5 2. Nf3 d6 3. c3 Nf6 4. e5 dxe5 5. Nxe5 e6 6. Be2 Nbd7 7. f4 Be7 8. O-O
O-O 9. Bf3 Qc7 10. Qe2 Nd5 11. d4 cxd4 12. cxd4 N7f6 13. g4 Bd7 14. g5 Ne8 15.
f5 Rd8 16. Bxd5 exd5 17. Nc3 Bc6 18. f6 gxf6 19. Ng4 Kh8 20. gxf6 Bd6 21. Nh6
b5 22. Qh5 b4 23. Ne2 Bb5 24. Rf2 Bd3 25. Qh4 Qc2 26. Ng3 Qd1+ 27. Nf1 Be4 28.
b3 Qxd4 29. Bb2 Qb6 30. Ng3 Bg6 31. Nhf5 Bc5 32. Nd4 Rg8 33. Rd1 Nd6 34. Kf1
Nb5 35. Rf4 Qa6 36. Kg2 Nc3 37. Rd2 Be4+ 38. Nf3 Qe6 39. Kf1 Qa6+ 40. Kg2 Qe6
41. Kf1 Qa6+ 1/2-1/2

[Event "First Saturday 2006 augusztus FM-A"]
[Site "Budapest"]
[Date "2006.08.07"]
[Round "3"]
[White "Varga, Karoly"]
[Black "Fekete, Jozsef"]
[Result "0-1"]
[WhiteElo "2104"]
[BlackElo "2193"]
[PlyCount "28"]
[EventDate "2006.08.05"]

1. d4 d6 2. e4 g6 3. Be3 Bg7 4. Be2 Nc6 5. Nc3 e5 6. Nf3 Bg4 7. d5 Nce7 8. Qd2
Bxf3 9. Bxf3 f5 10. Bg5 Nf6 11. Bh6 O-O 12. O-O-O Bxh6 13. Qxh6 fxe4 14. Bxe4
Ng4 0-1

[Event "First Saturday 2006 augusztus FM-A"]
[Site "Budapest"]
[Date "2006.08.08"]
[Round "4"]
[White "Bolvary, Tamara"]
[Black "Fekete, Jozsef"]
[Result "0-1"]
[WhiteElo "2104"]
[BlackElo "2193"]
[PlyCount "90"]
[EventDate "2006.08.05"]

1. e4 d6 2. d4 g6 3. Nc3 Bg7 4. Be3 Nd7 5. Qd2 c6 6. Nf3 b5 7. Bd3 Nb6 8. h3 e6
9. O-O Ne7 10. Bh6 O-O 11. Bxg7 Kxg7 12. e5 d5 13. Nh2 Nc4 14. Qc1 a5 15. b3
Nb6 16. Ng4 Ng8 17. a3 Qe7 18. g3 Ba6 19. Qe3 Nd7 20. Rfe1 Rfb8 21. Qe2 h5 22.
Nh2 Nh6 23. Nf3 Rb6 24. Nh4 b4 25. Bxa6 Rbxa6 26. axb4 Qxb4 27. Qe3 c5 28. Red1
Rc6 29. Na4 cxd4 30. Rxd4 Qb8 31. c4 Qxe5 32. Qxe5+ Nxe5 33. cxd5 Rd6 34. f4
Nd7 35. Rad1 e5 36. Rc4 Rb8 37. Rc6 Rf6 38. fxe5 Nxe5 39. Rxf6 Kxf6 40. Nc5 Ke7
41. d6+ Kd8 42. Re1 Nd7 43. Nxg6 Nxc5 44. Ne5 Rxb3 45. Rc1 Nd3 0-1

[Event "First Saturday 2006 augusztus FM-A"]
[Site "Budapest"]
[Date "2006.08.08"]
[Round "4"]
[White "Daamen, Ferry"]
[Black "Varga, Karoly"]
[Result "1-0"]
[WhiteElo "2118"]
[BlackElo "2104"]
[PlyCount "69"]
[EventDate "2006.08.05"]

1. e4 d6 2. d4 g6 3. Nc3 Bg7 4. f4 Nd7 5. Nf3 e5 6. fxe5 dxe5 7. Be3 c6 8. Bc4
exd4 9. Bxd4 Bxd4 10. Qxd4 f6 11. O-O-O Qe7 12. Rhf1 Nb6 13. Bb3 Be6 14. h3
Bxb3 15. axb3 Nh6 16. Qe3 Nf7 17. Qf4 O-O 18. Nd4 Ne5 19. Qg3 Kh8 20. h4 h5 21.
Qf4 Ng4 22. Rfe1 Rae8 23. Nf3 Nd7 24. Rd4 Nde5 25. Red1 Kg7 26. Qd2 Rf7 27. Kb1
a5 28. Rd6 Qc7 29. Na4 Rfe7 30. Nxe5 Nxe5 31. Qf4 Ng4 32. Nc5 Qc8 33. Rd7 b6
34. Ne6+ Kg8 35. Rxe7 1-0

[Event "First Saturday 2006 augusztus FM-A"]
[Site "Budapest"]
[Date "2006.08.08"]
[Round "4"]
[White "Letay, Gyula"]
[Black "Csapo, Zoltan"]
[Result "0-1"]
[WhiteElo "2172"]
[BlackElo "2210"]
[PlyCount "108"]
[EventDate "2006.08.05"]

1. e4 e5 2. Nf3 Nc6 3. Bc4 Be7 4. O-O Nf6 5. Qe2 O-O 6. c3 d6 7. h3 Na5 8. Bd3
c5 9. Bc2 c4 10. d4 cxd3 11. Bxd3 Qc7 12. c4 Be6 13. b3 a6 14. Bd2 Nc6 15. Nc3
Nb4 16. Bb1 a5 17. a3 Na6 18. Ba2 Rfc8 19. Rfc1 Qd8 20. Na4 Bd7 21. Nc3 Nc7 22.
Bb1 Ne6 23. Kh2 Nh5 24. g3 g6 25. Nd5 Bf8 26. Be3 Rc6 27. Bd3 Bg7 28. Rab1 Nc5
29. Bc2 Nf6 30. b4 axb4 31. axb4 Ne6 32. b5 Rcc8 33. Nb6 Ra2 34. Nxc8 Bxc8 35.
Qd3 Qd7 36. Ng1 Nd4 37. Bxd4 exd4 38. Qb3 Ra5 39. Bd3 Qc7 40. Rc2 Nd7 41. b6
Qc6 42. Qb4 Rh5 43. Bf1 Ne5 44. f3 Bh6 45. c5 dxc5 46. Rxc5 Nxf3+ 47. Nxf3 Rxc5
48. Nxd4 Qd6 49. Bg2 Bf8 50. Rd1 h5 51. Qb3 h4 52. Ne2 hxg3+ 53. Nxg3 Qe5 54.
Rd8 Rc3 0-1

[Event "First Saturday 2006 augusztus FM-A"]
[Site "Budapest"]
[Date "2006.08.08"]
[Round "4"]
[White "Honsch, Pal"]
[Black "Balogh, Laszlo"]
[Result "1/2-1/2"]
[WhiteElo "2099"]
[BlackElo "2200"]
[PlyCount "55"]
[EventDate "2006.08.05"]

1. d4 Nf6 2. c4 Nc6 3. Nf3 e6 4. g3 Bb4+ 5. Bd2 Qe7 6. Bg2 Bxd2+ 7. Qxd2 Ne4 8.
Qc2 Qb4+ 9. Nc3 Nxc3 10. Qxc3 Qxc3+ 11. bxc3 Rb8 12. O-O d6 13. Nd2 Na5 14.
Rfe1 b6 15. e4 Ba6 16. Bf1 c5 17. d5 e5 18. f4 f6 19. Bd3 Ke7 20. a4 g5 21. f5
g4 22. Kf2 h5 23. h4 gxh3 24. Rh1 h4 25. g4 Rbg8 26. Kf3 Rg5 27. Rxh3 Rhg8 28.
Rg1 1/2-1/2

[Event "First Saturday 2006 augusztus FM-A"]
[Site "Budapest"]
[Date "2006.08.08"]
[Round "4"]
[White "Szabo, Bence"]
[Black "Hoang, Tri"]
[Result "1-0"]
[WhiteElo "2040"]
[BlackElo "2147"]
[PlyCount "63"]
[EventDate "2006.08.05"]

1. e4 e5 2. Nf3 Nf6 3. d4 Nxe4 4. Bd3 d5 5. Nxe5 Nd7 6. Qe2 Nxe5 7. Bxe4 dxe4
8. Qxe4 Bd6 9. dxe5 O-O 10. O-O Re8 11. Bf4 f6 12. Nc3 Bxe5 13. Rad1 Qe7 14.
Bxe5 fxe5 15. Nd5 Qf7 16. Ne3 c6 17. c4 Qf4 18. Qc2 Be6 19. Qc3 Rad8 20. b3 b6
21. c5 Bd5 22. Rd2 Re6 23. Rfd1 Rf6 24. Re2 bxc5 25. Nxd5 cxd5 26. Qxc5 Rfd6
27. Qxa7 d4 28. Qc5 e4 29. Qc4+ Kh8 30. Rde1 Re8 31. Rxe4 Rxe4 32. Qc8+ 1-0

[Event "First Saturday 2006 augusztus FM-A"]
[Site "Budapest"]
[Date "2006.08.08"]
[Round "4"]
[White "Mizsei, Janos"]
[Black "Ohme, Melanie"]
[Result "0-1"]
[WhiteElo "2131"]
[BlackElo "2123"]
[PlyCount "94"]
[EventDate "2006.08.05"]

1. d4 Nf6 2. c4 g6 3. Nf3 Bg7 4. g3 O-O 5. Bg2 d6 6. O-O c5 7. d5 b5 8. cxb5 a6
9. bxa6 Bxa6 10. Nc3 Nbd7 11. Re1 Ng4 12. Bf4 Qa5 13. h3 Nge5 14. Nxe5 Nxe5 15.
Bxe5 Bxe5 16. Qc2 Rfb8 17. Rac1 Rb7 18. f4 Bxc3 19. bxc3 Rab8 20. Qd2 Rb2 21.
Rc2 Qxa2 22. Rxb2 Rxb2 23. Qe3 Rxe2 24. Rxe2 Qxe2 25. Qxe2 Bxe2 26. Kf2 Bc4 27.
Ke3 Kg7 28. h4 Kf6 29. g4 e6 30. g5+ Ke7 31. dxe6 Bxe6 32. Bf3 Bf5 33. Bd5 Be6
34. Bf3 d5 35. Bd1 Kd6 36. h5 Kc6 37. Bc2 Kb5 38. hxg6 fxg6 39. Bd3+ Ka4 40.
Bc2+ Ka3 41. Bd1 Kb2 42. Kd2 Bf5 43. Bf3 d4 44. cxd4 c4 45. Ke3 c3 46. Bd1 c2
47. Bxc2 Kxc2 0-1

[Event "First Saturday 2006 augusztus FM-A"]
[Site "Budapest"]
[Date "2006.08.08"]
[Round "4"]
[White "Kubacsny, Vilmos"]
[Black "Juhasz, Mark"]
[Result "1/2-1/2"]
[WhiteElo "2079"]
[BlackElo "2169"]
[PlyCount "38"]
[EventDate "2006.08.05"]

1. e4 c5 2. Nf3 a6 3. Nc3 b5 4. d4 cxd4 5. Nxd4 Bb7 6. Bd3 e6 7. O-O b4 8. Na4
Nf6 9. Qe2 Qa5 10. b3 Be7 11. Bd2 Qe5 12. Nf3 Qc7 13. c4 Nc6 14. c5 Ng4 15. g3
O-O 16. Rac1 Nge5 17. Nxe5 Nxe5 18. Bxb4 a5 19. Bc3 Nxd3 1/2-1/2